000 00653nam0a22002291 4500
001 rc\687022
005 20031121170117.6
035 _a(NLR Aleph) 005923944
090 _a6506792
_c6506792
100 _a20031121d1985 u |0rusy50 ca
101 0 _arus
102 _aRU
105 _aa |||||||||
200 1 _aПризнание в любви
_e[Сборник]
210 _aКишинев
_cКартя Молдовеняскэ
_d1985
215 _a214 с.
_cил.
_d20
700 1 _aГуревич
_bЯ. А.
_gЯков Абрамович
801 0 _aRU
_bNLR
_gpsbo
801 1 _aRU
_bELAR
_2rusmarc
852 _aNLR
_j85-3/7067
942 _cBOOK
980 _aNB